Designing XML databases
Salvato in:
| Autore principale: | |
|---|---|
| Natura: | Libro |
| Lingua: | Undetermined |
| Pubblicazione: |
Upper Saddle River, NJ
Prentice Hall
2002
|
| Soggetti: | |
| Tags: |
Aggiungi Tag
Nessun Tag, puoi essere il primo ad aggiungerne! !
|
| Thư viện lưu trữ: | Trung tâm Học liệu Trường Đại học Cần Thơ |
|---|
| LEADER | 00484nam a2200169Ia 4500 | ||
|---|---|---|---|
| 001 | CTU_56239 | ||
| 008 | 210402s9999 xx 000 0 und d | ||
| 082 | |a 005.7'2 | ||
| 082 | |b G776 | ||
| 100 | |a Mark Graves | ||
| 245 | 0 | |a Designing XML databases | |
| 245 | 0 | |c Mark Graves | |
| 260 | |a Upper Saddle River, NJ | ||
| 260 | |b Prentice Hall | ||
| 260 | |c 2002 | ||
| 650 | |a xml ( document markup language ),database management | ||
| 980 | |a Trung tâm Học liệu Trường Đại học Cần Thơ | ||